Loading...
| Current Events | 2 | 5.00 | 50% | 0% | 0% |
| Fine Arts - Classical Music | 5 | 6.00 | 40% | 20% | 0% |
| Fine Arts - Other | 1 | 10.00 | 100% | 0% | 0% |
| Fine Arts - Painting and Sculpture | 3 | 6.67 | 67% | 0% | 0% |
| History - American | 1 | 20.00 | 100% | 100% | 0% |
| History - European | 4 | 12.50 | 100% | 25% | 0% |
| History - Other | 3 | 13.33 | 100% | 33% | 0% |
| History - World | 1 | 10.00 | 0% | 100% | 0% |
| Literature - American | 3 | 6.67 | 67% | 0% | 0% |
| Literature - British | 1 | 0.00 | 0% | 0% | 0% |
| Literature - European | 3 | 3.33 | 33% | 0% | 0% |
| Literature - World | 2 | 5.00 | 50% | 0% | 0% |
| Mythology | 4 | 7.50 | 75% | 0% | 0% |
| Other Academic | 1 | 10.00 | 100% | 0% | 0% |
| Philosophy | 4 | 2.50 | 25% | 0% | 0% |
| Religion | 4 | 5.00 | 50% | 0% | 0% |
| Science - Biology | 3 | 10.00 | 100% | 0% | 0% |
| Science - Chemistry | 2 | 10.00 | 50% | 50% | 0% |
| Science - Other | 5 | 8.00 | 80% | 0% | 0% |
| Science - Physics | 3 | 3.33 | 33% | 0% | 0% |
| Social Science | 4 | 10.00 | 100% | 0% | 0% |